Restitution of art and cultural objects: a reassessment of the role of limitation (Record no. 68484)

MARC details
000 -LEADER
fixed length control field 01302cam a2200265 4500
001 - CONTROL NUMBER
control field ABS64464
008 - FIXED-LENGTH DATA ELEMENTS--GENERAL INFORMATION
fixed length control field 011004n2001 000 0 eng u
035 ## - SYSTEM CONTROL NUMBER
System control number (Sirsi) u115003
100 ## - MAIN ENTRY--PERSONAL NAME
Personal name Carey Miller, D.L.
245 ## - TITLE STATEMENT
Title Restitution of art and cultural objects: a reassessment of the role of limitation
260 ## - PUBLICATION, DISTRIBUTION, ETC.
Date of publication, distribution, etc. 2001
490 ## - SERIES STATEMENT
Series statement Art Antiquity and Law
Volume/sequential designation 6(1) March 2001, 1-17(17)
520 ## - SUMMARY, ETC.
Summary, etc. Considers the case for the introduction of special limitation periods for the restitution of stolen cultural property in the UK. At present no special provision exists in England or Scotland. Considers examples of international regimes, including one in California, which do provide for special limitation periods. Discusses whether the UK should adopt a sui generis limitation period. Cites recent official British thinking, which largely supports the case for special provision. Contends the case for legislation is a strong one, and presents some starting points for English and Scottish discussion.
590 ## - LOCAL NOTE (RLIN)
Local note ABS
650 ## - SUBJECT ADDED ENTRY--TOPICAL TERM
Topical term or geographic name entry element RESTITUTION
650 ## - SUBJECT ADDED ENTRY--TOPICAL TERM
Topical term or geographic name entry element LIMITATION PERIOD
650 ## - SUBJECT ADDED ENTRY--TOPICAL TERM
Topical term or geographic name entry element CULTURAL OBJECTS
650 ## - SUBJECT ADDED ENTRY--TOPICAL TERM
Topical term or geographic name entry element ART
650 ## - SUBJECT ADDED ENTRY--TOPICAL TERM
Topical term or geographic name entry element ENGLAND
650 ## - SUBJECT ADDED ENTRY--TOPICAL TERM
Topical term or geographic name entry element SCOTLAND
690 ## - LOCAL SUBJECT ADDED ENTRY--TOPICAL TERM (OCLC, RLIN)
Topical term or geographic name as entry element Arts and antiques
9 (RLIN) 6217
700 ## - ADDED ENTRY--PERSONAL NAME
Personal name Meyers, D.W.
700 ## - ADDED ENTRY--PERSONAL NAME
Personal name Cowe, A.L.
942 ## - ADDED ENTRY ELEMENTS (KOHA)
Suppress in OPAC 0
Holdings
Withdrawn status Lost status Source of classification or shelving scheme Damaged status Not for loan Home library Current library Shelving location Date acquired Total Checkouts Full call number Barcode Date last seen Copy number Price effective from Koha item type
    Dewey Decimal Classification     London London Journal article 04/10/2001   ABS64464 115003-1001 06/08/2019 1 06/08/2019 Journal article